=LDR 00000nam 2200000 4500 =001 INLIS000000000014188 =005 20130612105455 =008 ***********************************Ind** =035 ##$$0010-061300000014188 =041 ##$$a Ind =082 ##$$a 392 =090 ##$$a 392, Pri u =100 ##$$a Pringgawidagda, Suwarna =245 ##$$a Upacara tingkeban, Suwarna Pringgawidagda =260 ##$$a 2003 $b Yogyakarta =300 ##$$a x, 65 hlm, Ilus, 20 cm =650 ##$$a Adat istiadat =850 ##$$a NBPNMAT =990 ##$$a 21400613/BPAP-NTB/20142014 =990 ##$$a 0001/BPAP-NTB/2015 =990 ##$$a 0305/BPAP-NTB/2016